Normal view
MARC view
Entry Nome pessoal
001 - NÚMERO DE CONTROLE
- campo de controle: 929
003 - IDENTIFICADOR DO NÚMERO DE CONTROLE
- campo de controle: BR-RjBN
005 - DATA E HORÁRIO DA ÚLTIMA TRANSAÇÃO
- campo de controle: 20250624112403.0
008 - CAMPO DE DADOS FIXOS
- campo de controle de tamanho fixo: 171211 acnacab n a aaa
040 ## - FONTE DA CATALOGAÇÃO
- Instituição da catalogação original: BR-RjBN
- Idioma da catalogação: por
100 1# - CABEÇALHO--NOME PESSOAL
- Nome pessoal: Prem Baba, Sri
- Datas associadas ao nome: 1965-
400 1# - REMISSIVA VER--NOME PESSOAL
- Nome pessoal: Fernandes, Janderson,
- Datas associadas ao nome: 1965-
400 1# - REMISSIVA VER--NOME PESSOAL
- Nome pessoal: Oliveira, Janderson Fernandes de,
- Datas associadas ao nome: 1965-
400 1# - REMISSIVA VER--NOME PESSOAL
- Nome pessoal: Fernandes de Oliveira, Janderson,
- Datas associadas ao nome: 1965-
670 ## - FONTE POSITIVA DOS DADOS
- Citação da fonte positiva dos dados: Autor de: Transformando o sofrimento em alegria... 2015
- Dados encontrados na fonte localizada no subcampo: (orelha: Sri Prem Baba é um mestre da linhagem espiritual Sachcha. Nasceu no Brasil, trabalhou como psicólogo humanista, professor de yoga e xamã)
670 ## - FONTE POSITIVA DOS DADOS
- Citação da fonte positiva dos dados: https://www.sriprembaba.org/biografia
- Dados encontrados na fonte localizada no subcampo: (Prem Baba é um mestre espiritual, nasceu em São Paulo, com o nome Janderson Fernandes)
670 ## - FONTE POSITIVA DOS DADOS
- Citação da fonte positiva dos dados: https://pt.wikipedia.org/wiki/Sri_Prem_Baba
- Dados encontrados na fonte localizada no subcampo: (Sri Prem Baba - n.r.: Janderson Fernandes, nasceu em São Paulo, em 9 de novembro de 1965. Mestre espiritual)
670 ## - FONTE POSITIVA DOS DADOS
- Citação da fonte positiva dos dados: EDA 30/1/2018
- Dados encontrados na fonte localizada no subcampo: (n.r., d.n.)
670 ## - FONTE POSITIVA DOS DADOS
- Citação da fonte positiva dos dados: http://authorities.loc.gov